00838cam a22002415a 4500001000800000005001700008008004100025020001500066040003300081082002100114100002900135245005900164260003800223300003400261504005300295541003100348650004100379651001000420653003000430942000800460999001700468952011100485376983020180131105424.0831128t1984 maua frb 001 0 eng d a0534031080 aDLCcDLCdDLCdEG-ScBUEbeng04a658.848222bJAI1 aJain, Subhash C.,d1942-10aInternational marketing management /cSubhash C. Jain. aBoston :bKent Pub. Co.,cc.1984. axvi, 712 p. :bill. ;c25 cm. aIncludes bibliographical references and indexes. aDonation from David Kirby. 7aExport marketingxManagement.2BUEsh 2BUEsh bGGENbBUSADMcJanuary2018 2ddc c26054d26026 00102ddc4070aMAINbMAINc1STd2018-01-31eDonationl0o658.848 JAIp000042898r2025-07-15 00:00:00yBB